Paesi in cui si usa l'alfabeto cirillico - Statistics

Statistiche generali
  • Questo quiz è stato fatto 39 volte
  • Il punteggio medio è 16 su 20
Statistiche sulle risposte
Risposta % Corretto
Russia
100%
Ucraina
100%
Bielorussia
89%
Kazakistan
89%
Uzbekistan
89%
Moldavia
86%
Tagikistan
83%
Bulgaria
80%
Georgia
80%
Turkmenistan
80%
Estonia
77%
Kirghizistan
77%
Lettonia
77%
Macedonia del Nord
74%
Mongolia
71%
Bosnia ed Erzegovina
69%
Montenegro
69%
Serbia
69%
Kosovo
66%
Azerbaigian
54%
Nessun quiz corrispondente trovato
Distribuzione punteggi
Percentuale di utenti per punteggio
Percentile per numero di risposta
I tuoi punteggi nel tempo
Non hai fatto questo quiz